[Event "Minneapolis HB Global op"]
[Site "Minneapolis"]
[Date "2005.05.21"]
[Round "6"]
[White "Li, Wenliang"]
[Black "Jussupow, Artur"]
[Result "1/2-1/2"]
[WhiteElo "2422"]
[BlackElo "2601"]
[Annotator "Marin,M"]
[PlyCount "63"]
[EventDate "2005.05.18"]
[EventType "swiss"]
[EventRounds "9"]
[EventCountry "USA"]
[SourceTitle "CBM 107"]
[Source "ChessBase"]
[SourceDate "2005.08.01"]
[SourceVersion "1"]
[SourceVersionDate "2005.08.01"]
[SourceQuality "1"]

1. d4 Nf6 2. c4 e6 3. Nf3 d5 4. Nc3 Nbd7 5. cxd5 exd5 6. Bg5 Be7 7. e3 O-O {
Jussupow delays the advance of the c-pawn until White gets castled. In case of
long castle, he probablz intended to play ...c5} 8. Bd3 Re8 9. O-O c6 10. Qc2
Nf8 11. h3 Be6 12. Rfc1 {This is one of Karpov's favourite lines. White is in
no hurry to advance the queen side pawns (which usually leaves behind some
weaknesses to worry about) but first places all his pieces on optimal
positions.} Rc8 {Black completes the mobilisation of his pieces. The
opposition of the rook with the enemy queen is designed to discourage the
standard advance of the b-pawn to b5.} (12... N6d7 13. Bf4 Nb6 (13... Ng6 14.
Bh2 Nb6 15. a4 $6 $11 {This move is indeed typical for Karpov's plan, but only
AFTER the exchange of the dark squared bishops. With those bishops on board,
the b4-square will be difficult to unblock.} a5 16. Ne2 Nd7 17. Qb3 Bb4 18. Nc3
Ra7 19. Na2 Bf8 20. Qd1 Qf6 21. Ne1 Nh4 22. Nc3 Bf5 23. Bxf5 Nxf5 24. Qg4 Qe6
25. Nd3 Nf6 26. Qf3 Bb4 27. Rc2 Ne4 $11 {1-0 Malaniuk,V (2520)-Feher,G (2410)/
Budapest 1989/TD (60) Black's position is entirely viable.}) 14. Rab1 Bd6 $6 (
14... Ng6 $5 15. Bh2 Bd6 {was recommended, but it wouldn't change too much
matters.}) ({Maybe Black should refrain for the time being from the exchange
of the bishops and play simply a useful move such as} 14... Rc8 $5) 15. Ne2 Ng6
16. Bxd6 Qxd6 17. a4 $1 {The logical consequence of Black's inaccuracy. White
starts active queen side operations without weakening the c4-square, while the
b4-square would be possible to unblock in case of a7-a5.} Rac8 (17... a5 18. b3
{/\ Qd2, Rc5+/= Karpov}) 18. Qc5 Qb8 19. Qa3 a6 20. Rc3 ({In case of} 20. a5 $6
Nd7 {White could hardly achieve anything concrete on the queen side.}) 20...
Qc7 21. Rbc1 Ra8 22. Nd2 {[%csl Yc4][%cal Rb2b4] (><c4, /\b4)} a5 23. Rb1 Nc8
24. b4 axb4 25. Qxb4 Nd6 26. Nb3 Bc8 27. a5 $14 {1-0 Karpov,A (2725)
-Kharitonov,A (2550)/Moscow 1988/URS-ch (42)}) 13. Rab1 N6d7 14. Bf4 Ng6 {
This move is connected with a concrete plan. Otherwise, the knight would not
necessarily be better placed on g6.} (14... Nb6 $5) (14... c5 $6 15. dxc5 Nxc5
16. Nb5 $6 (16. Nd4 $14) 16... d4 $1 17. exd4 (17. Nfxd4 Bxa2 $11) 17... Nb3
18. Qxc8 (18. Nc7 Nxc1 19. Rxc1 $13) 18... Bxc8 19. axb3 Ne6 $15 {0-1
Nickoloff,B (2400)-Ziatdinov,R (2515)/Toronto 1998/CBM 065 ext (30)}) (14... f6
$5 {introduced an interesting plan, that of exchanging the light-squared
bishops. However, after} 15. Na4 Bf7 16. Bg3 Bg6 17. Bxg6 hxg6 18. Qb3 $1 {
the pressure exerted by the other bishop is very unpleasant, forcing Black to
misplace his queen:} Qa5 19. Ne1 (19. e4 Qb4 $5) 19... Qa6 20. Nd3 Ne6 21. Qc2
g5 22. b4 b5 23. Nac5 Ndxc5 24. bxc5 Qb7 25. a4 a6 {0-1 Khenkin,I (2584)
-Mirzoev,A (2494)/Saint Vincent 2002/CBM 086 ext (48)} 26. axb5 axb5 27. Nb4
Ra8 28. Ra1 $14 {[%csl Rc6][%cal Rg3b8]}) 15. Bh2 Ndf8 $5 {This is one
important step in Jussupov's plan. He overdefends the h7-pawn in order to
enable the jump of the other knight to h4, thus removing the f3-knight and
enabling ...c5 as a reply to the thematic b5. At the same time, Black simply
cleares the d-file, in order to exchange the dark squared bishops.} (15... Nb6
16. Ne5 $5) 16. Na4 $5 {White intends to cross Black's primar plan.} (16. b4 a6
$1 (16... Nh4 $6 17. Nxh4 Bxh4 18. Na4 $1 {[%csl Gb7][%cal Rh2b8,Ya4c5] /\Nc5,
קb7, /^h2-b8}) 17. a4 Nh4 $1 {[%csl Rd4]} 18. Nxh4 Bxh4 19. b5 axb5 20. axb5
c5 $1 21. dxc5 Rxc5 22. Qd2 {[%cal Rc3e2,Re2d4]} Be7 {[%cal Re7d6]} 23. Ne2
Rxc1+ 24. Rxc1 Bd6 25. Bxd6 Qxd6 26. Nd4 Nd7 $11 {[%cal Rd7b6] After placing
the knight on b6, Black would have little to worry.}) 16... Bd6 $1 (16... Nh4
$6 17. Nxh4 Bxh4 18. Nc5 $16) 17. Bxd6 Qxd6 {This position was seen before,
but with two minor differences regarding the move order. First of all, White
placed the rooks on b1 and c1 in reversed order. Secondly, the bishop
retreated to g3 before being exchanged.} 18. b4 $146 (18. Nc5 Rc7 19. b4 a6 ({
Black should have played} 19... Nd7 $1 {anyway, even if in sligthly different
circumstances than in Jussupow's game.}) 20. a4 Bc8 $6 (20... Nd7 $1 {/\Nb6}
21. b5 cxb5 22. axb5 Rec8 $1 $132) 21. Qb3 (21. b5 $5 $14 cxb5 22. axb5 b6 23.
Bxg6 $1 Nxg6 24. Ne4 dxe4 25. Qxc7 Qxc7 26. Rxc7 exf3 27. Rbc1 $1 Bf5 28. bxa6
$16) 21... Qf6 {[%cal Rc8h3]} 22. Be2 Nf4 $1 $132 {1/2-1/2 Kuemin,S (2294)
-Begovac,F (2431)/Switzerland 2001/EXT 2002 (63)}) 18... Nd7 {Now that play
became more concrete and that the initial course of the game has been slightly
altered, the knight returns to the defence of the queen side.} 19. Nc5 Nxc5 20.
dxc5 (20. bxc5 {would make not too much sense with the pawn on a7. Things
would be different if the b6-square would be weak.}) ({In case of} 20. Qxc5
Qxc5 21. Rxc5 {[%csl Yg1][%cal Ra2a4,Rb4b5,Gg8f8,Gf8d6] the better
possibilities for centralisation of his king offers Black sufficient
counterchances.}) 20... Qc7 21. Nd4 {This knight certainly looks strong, and
Jussupow hurries to exchange it before it provokes any serious damage.} Bd7 22.
a4 Nf8 23. b5 g6 {[%csl Yd4,Rh7][%cal Gf8e6]} 24. Qb2 (24. bxc6 Bxc6 {/\Ne6})
24... Ne6 25. Rc2 Qa5 26. Nxe6 Rxe6 27. Qd4 Rce8 {Black has a solid position.
The pressure along the e-file offers him entirely viable play.} 28. Rcb2 (28.
bxc6 Bxc6) 28... Re5 29. Rb4 Qd8 30. Qc3 Qa5 31. Qd4 Qd8 32. Qc3 1/2-1/2

[Event "Minneapolis HB Global op"]
[Site "Minneapolis"]
[Date "2005.05.19"]
[Round "2"]
[White "Goldin, Alexander"]
[Black "Vucic, Mladen"]
[Result "1-0"]
[WhiteElo "2615"]
[BlackElo "2374"]
[Annotator "Marin,M"]
[PlyCount "71"]
[EventDate "2005.05.18"]
[EventType "swiss"]
[EventRounds "9"]
[EventCountry "USA"]
[SourceTitle "CBM 107"]
[Source "ChessBase"]
[SourceDate "2005.08.01"]
[SourceVersion "1"]
[SourceVersionDate "2005.08.01"]
[SourceQuality "1"]

1. d4 Nf6 2. c4 e6 3. Nc3 d5 4. cxd5 exd5 5. Bg5 c6 6. e3 h6 $6 {This move is
hardly recomendable. It not only weakens the king side (in particular the
g6-square, inview of the desirable manoeuvre Nd7-f8-g6) but it also drives the
enemy bishop to a better square (later it could go to g3 or f2).} ({For
instance, in case of a similar course of the game but with the omission of the
advance of the h-pawn, after} 6... Be7 7. Qc2 O-O 8. Bd3 Re8 9. Nge2 Nbd7 10.
f3 Nf8 {White retreats his bishop willingly with} 11. Bh4 {in order to avoid
the simplifying manoeuvre ...Nh5.}) 7. Bh4 Be7 8. Qc2 O-O 9. Bd3 Re8 10. Nge2
Nbd7 11. f3 {Preparing the standard advance of the e-pawn.} c5 {The typical
reaction against White's intended plan.} ({Now,} 11... Nf8 {is less effective,
since Black is basically a tempo down:} 12. O-O Nh5 13. Bf2 $1 g6 14. Kh1 c5
15. Bb5 Bd7 16. Bxd7 Qxd7 17. Rad1 c4 18. e4 $16 {1-0 Neverov,V (2541)-Krylov,
V (2327)/Bor 2000/EXT 2001 (38)}) 12. O-O c4 {Giving up the tension in the
centre is hardly recommendable. However, Black has failed so far to prove an
effective plan.} (12... b6 13. Rad1 Bb7 14. Kh1 {(/\ 15.dc5 Bc5 16.e4 de4 17.
Ne4)} a6 15. Bf5 {(/\16.dc5 bc5 17.Bd7 Qd7 18.Na4+/-)} cxd4 {Finally, Black
has to give up the tension anyway.} (15... c4 $2 16. e4 dxe4 17. fxe4 Nxe4 18.
Nxe4 Bxh4 19. Nd6 $18) 16. Nxd4 b5 17. e4 $5 dxe4 18. fxe4 $14 {[%cal Yd1d8,
Rf5d7,Rh4f6] 1/2-1/2 Kouatly,B (2440)-Benko,P (2420)/Augsburg 1988/EXT 97}) ({
In case of} 12... cxd4 13. exd4 {White has the better placement of pieces in
what looks like a symmetrical position. Black faces a difficult fight for
equality.} Nb6 (13... Nf8 14. Qb3 Ne6 15. Rad1 Nc7 16. Bb1 b6 17. Rfe1 Ba6 18.
Qc2 g6 19. Bg3 Bxe2 20. Rxe2 Na6 21. a3 Qd7 22. Be5 Rac8 23. Qd3 Nc7 24. Bc2
Ne6 25. Qd2 Kh7 26. Ba4 $18 {1-0 Marin,M-Puscasiu,O/Buzias 1986 (36)}) 14. b3
Bd7 15. a4 a5 16. Qb2 Rc8 17. Rac1 Nh5 18. Bf2 Bg5 19. Rce1 Nf4 20. Nxf4 Bxf4
21. Ne2 Bd6 22. Bg3 Bxg3 23. hxg3 Re3 24. Qd2 Qe7 25. Nf4 Re8 26. Qxe3 Qxe3+
27. Rxe3 Rxe3 28. Kf2 $14 {1-0 Benko,P-Cardoso,R/Malaga 1971/EXT 99 (42)}) ({
The queen side expansion with} 12... a6 13. Rad1 b5 {doesn't change the
essence of the position. White retains the better chances because of his
influence over the centre.} 14. Bf2 {(Here we can see that h7-h6 only helped
White)} c4 15. Bf5 Nb6 16. Ng3 Bf8 17. a3 Bb7 18. e4 g6 19. Bh3 a5 20. e5 b4
21. Nce2 Nh7 22. f4 Bc6 23. Ra1 Ba4 24. Qb1 f5 25. axb4 axb4 26. Nxf5 $1 $36 {
1-0 Botvinnik,M-Larsen,B/Noordwijk 1965/MCD (52)}) 13. Bf5 Nb6 14. Bxc8 Rxc8
15. Rad1 Qd7 16. Bxf6 $1 {Reducing Black's influence in the centre even more.}
Bxf6 17. e4 Be7 18. a3 {Preventing Bb4xc3 which would somewhat relief Black's
position.} Bd6 19. e5 Be7 20. f4 $16 {Black has nothing to compensate for
White's king side attack. Besides, he has permament worries with his d5-pawn.}
f5 21. g4 g6 22. Ng3 Rf8 23. gxf5 gxf5 24. Kh1 Kh8 25. Qg2 Rc6 26. Qh3 Rg6 27.
Rg1 Qe6 28. Rdf1 Rg4 29. Nd1 Rh4 30. Qg2 Rg4 31. Ne3 Rg7 32. Qc2 Rgf7 33. Rg2
Bh4 34. Rfg1 Bxg3 35. Rxg3 Qe7 36. Qg2 1-0

[Event "Tata Steel-A 76th"]
[Site "Wijk aan Zee"]
[Date "2014.01.26"]
[Round "11"]
[White "Gelfand, Boris"]
[Black "Harikrishna, Pentala"]
[Result "1-0"]
[WhiteElo "2777"]
[BlackElo "2706"]
[Annotator "Marin,M"]
[PlyCount "93"]
[EventDate "2014.01.11"]
[EventType "tourn"]
[EventRounds "11"]
[EventCountry "NED"]
[EventCategory "20"]
[SourceTitle "CBM 159"]
[Source "ChessBase"]
[SourceDate "2014.03.17"]
[SourceVersion "1"]
[SourceVersionDate "2014.03.17"]
[SourceQuality "1"]

1. c4 e6 2. Nc3 d5 3. d4 Nf6 4. cxd5 exd5 5. Bg5 c6 6. Qc2 ({With a slightly
different move order, the game could transpose to the tabiya examined in my
article for CBM 156:} 6. e3 Be7 7. Bd3 Nbd7 8. Nf3 h6 9. Bh4 O-O 10. Qc2 Re8
11. O-O Ne4) 6... Be7 7. e3 Nbd7 8. Bd3 h6 9. Bh4 Nh5 ({If} 9... O-O {White
could consider deviating from the variation above with} 10. Nge2 {although I
am not sure if this really offers him any profit.}) 10. Bxe7 Qxe7 11. O-O-O {
White decides to prepare the knight's natural development to f3.} ({The main
alternative is} 11. Nge2 Nb6 12. O-O (12. h3 Bd7 13. O-O-O O-O-O 14. Kb1 Kb8
15. Rc1 Rhe8 $11 {Balla,T (2376)-Marin,M (2560) Mamaia 2013 (0-1, 53)}) (12.
O-O-O Bg4 $5) 12... O-O 13. Rab1 a5 {Leko,P (2737)-Adams,M (2740) Dortmund
2013 CBM 156 [Marin,M] (1/2, 27)}) (11. Nf3 $6 Nf4) 11... Nb6 12. h3 (12. Nf3
Bg4) 12... Be6 ({The plan} 12... g6 13. Nf3 Ng7 {aiming at exchanging the
bishops with ...Bf5, does not work out too well in this variation:} 14. Rhe1
Be6 15. Kb1 O-O-O (15... Bf5 16. Bxf5 $16 Nxf5 $2 17. e4 $18) 16. Ne5 Rhe8 (
16... Bf5 17. e4 dxe4 18. Bxe4 $14 Qc7 19. Bxf5+ Nxf5 20. d5 $36 cxd5 21. Qb3
$18 {[%csl Gc8,Gf7][%cal Gc3b5]}) 17. g4 $14 {Schandorff,L (2537)-Lund,S (2431)
Borup 2008 (1-0, 54)}) 13. Nf3 O-O-O 14. Kb1 {White starts a slow but
consistent queenside attack.} Kb8 15. Rc1 (15. Ne5 Nf6 16. Rc1 (16. f4 Nfd7 17.
Nf3 {Le Quang,L (2647)-Chiraranjan,B (1912) New Delhi 2010 (1-0, 37)} f6 $5 $11
{[%csl Ge3]}) 16... Rc8 17. Ka1 Rc7 18. Na4 Nxa4 19. Qxa4 Nd7 20. Nxd7+ Bxd7
21. Rhd1 c5 22. Qa3 Rhc8 23. dxc5 Rxc5 24. Rxc5 Rxc5 25. Bb1 Be6 26. Qb4 Qc7
27. h4 a5 28. Qd4 f6 29. g3 {1/2 Tomashevsky,E (2706)-Andreikin,D (2716)
Tromso 2013}) 15... Nf6 {It is a good idea to return with the knight into play
as soon as possible.} ({If} 15... Rc8 16. Na4 Nxa4 17. Qxa4 {there would be
nothing better than} Nf6 {anyway.} 18. Rc3 $1 {The only way to take advantage
of the delayed knight manoeuvre. True, things are not entirely clear since
Black has defensive resources, but White can count on a slight edge.} (18. Rc5
$6 {This loses a tempo allowing Black to normalise his position.} Nd7 19. Rc3
Nb6 20. Qa5 Rc7 21. Ra3 Nc8 22. Rc1 f6 23. Nh4 Qd7 24. Ng6 Re8 25. g4 h5 $11 {
Enchev,I (2445)-Todorov,O (2252) Sunny Beach 2013 (1/2, 31)}) 18... Ne4 19. Ra3
a6 $5 (19... b6 20. Bxe4 dxe4 21. Ne5 Bd5 22. Rc1 $16) 20. Bxa6 $1 bxa6 21.
Qxa6 Nd6 (21... Kc7 22. Ne5 Kd6 23. Rc1 Qc7 24. Ka1 {[%cal Ga3b3]} f6 25. Rb3
fxe5 26. Rb7 $16) 22. Rb3+ Nb5 23. a4 Bf5+ 24. Ka2 (24. Kc1 {defends c2, but
places the king on a dangerous file.} Qa7 25. Qxa7+ Kxa7 26. axb5 cxb5+ 27. Rc3
Kb6 {[%cal Gb5b4]}) 24... Bc2 (24... Qa7 25. axb5 $18 {and} cxb5 {arrives
without check with respect to the previous line.}) 25. axb5 Bxb3+ 26. Kxb3 Qa7
27. Qxa7+ Kxa7 28. Ra1+ Kb6 29. bxc6 f6 30. Ne1 Rxc6 31. Nd3 $14) 16. Na4 (16.
Nd2 Ne8 17. Nb3 Nd6 18. Nc5 Qf6 19. Rhe1 h5 20. a4 {1/2 Levin,E (2488)-Kim,A 
(2460) Peterhof 2008}) 16... Ne4 $5 $146 {As far as I know, not only a new
move in this concrete position, but also a new way of reacting to Nc3-a4 in
general.} (16... Nxa4 17. Qxa4 {would have transposed to an earlier game.} Nd7
18. Rc3 (18. Qa5 Nb6 19. Ne5 {does not bring in anything concrete in view of}
Nd7 $5) 18... Nb6 19. Qa5 f6 (19... Nc4 $5) 20. Rhc1 (20. Ra3 Nc8 21. Rc1 Qc7
22. Qa4 Bd7 23. Qb4 g5 {[%cal Gc7d6,Gc8d6]}) 20... Nc4 21. Qc5 (21. Bxc4 dxc4
22. Ra3 b6 $15 {[%cal Ge6d5]}) 21... Qxc5 (21... Qc7 $5 $11) 22. dxc5 Ne5 23.
Nd4 Nxd3 24. Rxd3 Rhe8 25. Kc2 Kc7 26. Kd2 Bd7 27. b4 {Kovacevic,B (2454)
-Ascic,P (2347) Neum 2003 (0-1, 73). White has the more pleasant position, but
he did not manage to prove a convincing way to an advantage; quite the
opposite, in fact...}) 17. Bxe4 dxe4 18. Ne5 ({White does not get anything by
attacking e4:} 18. Nd2 Nxa4 19. Qxa4 Rd5 20. Ka1 Rb5 21. Qc2 (21. Nxe4 Bb3 $5
22. axb3 Qxe4 23. Rhg1 Qf5 {[%cal Gb5a5,Gf5f2]} 24. d5 $8 Qxd5 $15) 21... f5
22. Nc4 Bxc4 ({Or maybe the bishop is not really "bad" and it would be worth
keeping it?} 22... Rd8 23. Ne5 Ra5 $36) 23. Qxc4 Rd8 $15 {[%cal Gd8d5] Unlike
in the game, White cannot activate his rook with Rc1-c5 and Black stays in the
control of the position.}) 18... Nxa4 19. Qxa4 {In the endgame, Black may have
problems because the knight could exploit the slight weakening of the dark
squares, but in the middlegame things are at least unclear.} Rd5 20. Rc3 Rb5
21. Ra3 a5 {The most natural answer, but not the only one.} (21... a6 $5 22.
Qxa6 f6 (22... Qb4 {transposes}) 23. Ng6 (23. Qa8+ $2 Kc7 24. Qxh8 Qxa3 $19)
23... Qb4 24. Qa7+ Kc7 25. b3 Bc4 26. Nf4 Bd3+ 27. Nxd3 exd3 $13) (21... Qb4 {
would be an invitation to transposing to the same variation, but some players
may dislike the ending after} 22. Qxb4 Rxb4 23. Rc3) 22. Rc3 Rd8 23. Rhc1 Qb4 (
23... f6 {offers White some attacking chances.} 24. Nxc6+ ({If} 24. Rxc6 Rdd5
25. Rxe6 Qxe6 26. Nc4 {White's compensation is less clear.}) (24. Ng6 Qb4 25.
Qc2 Bf7 26. Nf4 g5 27. Ne2 $13) 24... bxc6 25. Rxc6 $44) 24. Qc2 Bd5 25. Qe2 f6
26. Nc4 (26. Ng6 Bf7 27. Nf4 g5 $36 {[%csl Ge2]}) 26... Bxc4 {Once again, it
is a good question whether Black needed this exchange. His bishop is a perfect
link between the structures on the opposing wings and it can serve for
attacking purposes.} (26... Qe7 $5) 27. Rxc4 Qe7 28. Rc5 Rxc5 29. Rxc5 {
White has finally obtained some micro-initiative, but Black could have
extinguished it with just one accurate move.} Qc7 $6 {This allows White too
much play out of nothing.} (29... Rd5 $1 30. Rxd5 cxd5 31. Qb5 {Black might
have thought he would just lose a pawn here, but:} Qd6 $1 32. Qxa5 Qh2 $11 {
White can give perpetual check now or he can delay this result for a while,
but the draw is inevitable anyway.} 33. Qxd5 Qg1+ 34. Kc2 Qxf2+ 35. Kb3 Qxe3+
36. Kb4 $11) 30. Qg4 $36 b6 $6 (30... Re8 31. Qg3 (31. d5 $2 Re5) 31... Qxg3 (
31... a4 32. Qxc7+ Kxc7 33. Ra5 b5 $2 34. Ra7+ $18) 32. fxg3 a4 33. Kc2 {
[%cal Gc2c3,Gc3b4]}) 31. Rc4 Re8 32. d5 $1 c5 33. Rxe4 Rd8 34. Qh5 Qd7 35. Re6
Qxd5 36. Qxd5 Rxd5 37. Kc2 $1 {A strong prophylactic move.} ({The ending
resulting after} 37. Rxb6+ Ka7 38. Rb5 Ka6 39. a4 Rd2 {is far from clear.})
37... Kc7 {Allowing the transposition to a lost pawn ending, but there is no
satisfactory defence:} (37... Rg5 38. g4 Kc7 39. f4 Rd5 40. Re7+ Rd7 41. Rxd7+
Kxd7 42. a4 $18) (37... b5 38. Rb6+ Ka7 39. Rxb5 Ka6 40. a4 $18 {[%csl Gd2]})
38. Re7+ Rd7 39. Rxd7+ Kxd7 40. a4 $1 $18 {The engines' +/= on level 27 is
amusing. Even schoolboys should know that White should win due to his mobile
kingside majority compared to the semi-blocked black majority.} Kc6 41. Kc3 b5
42. axb5+ Kxb5 43. e4 g5 44. g3 h5 45. f4 gxf4 46. gxf4 c4 47. e5 1-0